00750nam a22001817a 450000500170000000800410001702000180005804000100007608200260008610000300011224500480014226000340019030000250022465001250024994200130037499900170038795201640040420260317152630.0260317b |||||||| |||| 00| 0 eng d a9789352073740 cVITAP 223rd Ed.a821.914 MAH aMahapatra, Jayanta917278 aHesitant Light (Poems)c/ Jayanta Mahapatra aNew DelhibAuthorspressc2016 a103p. : ill. ; 22cm 0aIndic poetry (English); English poetry - Indian authors; Poetry, Modern - 20th century; Indian English literature917279 2ddccREF c47357d47357 00102ddc3Paper Back40708REFaVSBbVITAPcREFd2026-03-16eDonated Bookg0.00iDB1l0o821.914 MAHp025671r2026-03-17 15:27:37v0.00w2026-03-16yREFzGEN